Dîvânu lugâti't-Türk : (Record no. 15849)

MARC details
000 -BAŞLIK
Sabit Uzunlukta Kontrol Alanı 00867nam a22002297a 4500
999 ## - SİSTEM KONTROL NUMARALARI (KOHA)
Koha Biblionumber 15849
Koha Biblioitemnumber 15849
003 - KONTROL NUMARASI IDENTIFIER
Denetim Alanı MIRAKIL
005 - SON İŞLEM TARİHİ VE ZAMANI
Denetim Alanı 20240401134547.0
008 - SABİT-BOY VERİ ELEMANLARI - GENEL BİLGİLER
Sabit Uzunlukta Kontrol Alanı 240401b tu ||||| |||| 00| 0 tur d
020 ## - ULUSLARARASI STANDART KİTAP NUMARASI
Uluslararası Standart Kitap Numarası 9789751628374
040 ## - KATALOGLAMA KAYNAK
Orijinal Kataloglama Ajansı TR-AnCHP
Metne Dönüştürmek Ajansı TR-AnCHP
041 ## - DİL KODU
Metin / Ses Parça Veya Ayrı Başlığın Dil Kodu tur
082 ## - DEWEY ONLU SINIFLANDIRMA NUMARASI
Sınıflandırma Numarası 423
Ürün Numarası M23d 2020
100 1# - ANA GİRİŞ - KİŞİSEL İSİM
Kişisel Ad Kaşgarlı Mahmud
245 10 - BAŞLIK TABLOSU
Başlık Dîvânu lugâti't-Türk :
Başlığın Kalan giriş-metin-çeviri-notlar-dizin /
Sorumluluk Tablosu, Vb Kâşgarlı Mahmud ; hazırlayanlar: Ahmet B. Ercilasun, Ziyat Akkoyunlu.
260 ## - YAYIN, DAĞITIM, VB
Yayın, Dağıtım, Vb Yeri Ankara :
Yayıncı, Dağıtıcı, Vs Adı Türk Dil Kurumu,
Yayın, Dağıtım, Vb Tarihi 2014.
300 ## - FİZİKSEL TANIM
Kapsam cxix, 995 s. ;
Boyutlar 27 cm.
490 0# - SERİSİ TABLOSU
Seri Beyanı Atatürk Kültür Dil ve Tarih Yüksek Kurumu Türk Dil Kurumu yayınları ;
Hacim / Ardışık Tanımı 1120.
504 ## - KAYNAKÇA VB NOT
Kaynakça Vb Notu Kaynakça: lxxxvi-xcii. ss.<br/>
650 #0 - KONU KATMA GİRİŞ - TOPİKAL DÖNEM
9 (RLIN) 7744
Topikal Süreli Veya Coğrafi Ad Giriş Elemanı Divanu Lügati't-Türk
856 ## - ELEKTRONİK YER VE ERİŞİM
Kamu Notu Dijital Nüshası için Partimizin Kütüphane Sorumlusu ile iletişime geçiniz.
942 ## - EKLENDİ GİRİŞ ELEMANLARI (KOHA)
Sınıflandırma Veya Raf Düzeni Kaynak Dewey Decimal Classification
Koha Öğesi Türü Books
Holdings
Kalıcı Konum Mevcut Konum Edinme Tarihi Toplam Check-Out'Lar Tam Çağrı Numarası Barkod Tarih Son Görülme İtibaren Geçerli Fiyatlar Koha Öğesi Türü
CHP Kütüphanesi CHP Kütüphanesi 04/01/2024   423 M23d 2020 21800 04/01/2024 04/01/2024 Books